000 00834nas a2200277 4500
001 BR7406361
003 BR-BrBNA
005 20231205082742.0
007 ta
008 230509b bl.|||p| |||| 00| 00por d
040 _aBR-BrBNA
_bpor
_cBiblioteca Nacional de Agricultura
041 _a(Pt)
072 _aF25; F22
100 1 _aSilva, A.R. da
245 1 _aUma pesquisa prioritaria. Criacao de variedades de plantas cultivadas, resistentes a toxidez de manganes e aluminio nos solos
650 _aSOLO ACIDO
650 _aTOXIDEZ
650 _aMANGANES
650 _aALUMINIO
650 _aCALAGEM
650 _aACIDEZ DO SOLO
650 _aVARIEDADE RESISTENTE
773 0 _tLavoura (Brazil)
_xISSN 0023-9135
_g(Jan 1974), v. 77 p. 11-13
_wBR7406361
909 _a202311
_bLúcia
_c55
_dLúcia Elande
942 _2AGRIS
_n0
_cANA
999 _c94021
_d94021